Az LMBTQ+ közösség társadalmi megítélése és közösségépítő hatása

Bibliográfiai részletek
Szerző: Lovay Bence
További közreműködők: Hübner Andrea Gabriella
Dokumentumtípus: Diplomadolgozat
Kulcsszavak:előítélet
gyermektábor
kisebbség
LMBTQ+
Pride
társadalom
tolerancia
Online Access:http://dolgozattar.uni-bge.hu/59524

MARC

LEADER 00000nta a2200000 i 4500
001 dolg59524
005 20260409145202.0
008 260409suuuu hu om 000 hun d
040 |a BGE Dolgozattár Repozitórium  |b hun 
041 |a hu 
100 1 |a Lovay Bence 
245 1 3 |a Az LMBTQ+ közösség társadalmi megítélése és közösségépítő hatása  |c Lovay Bence  |h [elektronikus dokumentum] 
520 3 |a Szakdolgozatom az LMBTQ+ közösségi társadalmi megítélését és közösségépítő hatását vizsgálja Magyarország mai viszonylatában, továbbá kitekint az Amerikai Egyesült Államok például vehető közösségépítő erőfeszítéseire egy gyermektábori aspektuson keresztül. A dolgozatom foglalkozik a jelenlegi emberi jogokkal és méltósággal a közösséget érintőlegesen, valamint a Pride felvonulás megosztó kérdéskörén át az örökbefogadás témaköréig egy tartalmas kutatáselemzés is olvasható benne. Választ kaphatunk az exkluzív vagy inkluzív kulturális programok kérdésére, továbbá megérthetjük az alapvető biológiai és lelki folyamatait az LMBTQ+ közösséghez való tartozás során, és nem utolsósorban kiszélesíthetjük a szóban forgó kisebbség helyzetéről szóló aktualitást is. 
695 |a előítélet 
695 |a gyermektábor 
695 |a kisebbség 
695 |a LMBTQ+ 
695 |a Pride 
695 |a társadalom 
695 |a tolerancia 
700 1 |a Hübner Andrea Gabriella  |e ths 
856 4 0 |u http://dolgozattar.uni-bge.hu/59524/1/lovay_bence_szakdolgozat_az_lmbtq_k%C3%B6z%C3%B6ss%C3%A9g_t%C3%A1rsadalmi_meg%C3%ADt%C3%A9l%C3%A9se_%C3%A9s_k%C3%B6z%C3%B6ss%C3%A9g%C3%A9p%C3%ADt%C5%91_hat%C3%A1sa.pdf  |z Dokumentum-elérés 
856 4 0 |u http://dolgozattar.uni-bge.hu/59524/2/Lovay%20Bence.pdf  |z Dokumentum-elérés 
856 4 0 |u http://dolgozattar.uni-bge.hu/59524/3/Lovay_Bence_KSZ_szok%C3%A1cskinga.pdf  |z Dokumentum-elérés